UBT Library

Principles of corporate finance / (Record no. 41534)

000 -LEADER
fixed length control field 00591pam a2200217 a 4500
001 - CONTROL NUMBER
control field 934334
005 - DATE AND TIME OF LATEST TRANSACTION
control field 20180201072921.0
008 - FIXED-LENGTH DATA ELEMENTS--GENERAL INFORMATION
fixed length control field 830907s1984 nyua b 001 0 eng
010 ## - LIBRARY OF CONGRESS CONTROL NUMBER
LC control number 83019585
020 ## - INTERNATIONAL STANDARD BOOK NUMBER
International Standard Book Number 007007383X :
Terms of availability $27.95 (est.)
040 ## - CATALOGING SOURCE
Original cataloging agency DLC
Transcribing agency DLC
Modifying agency DLC
041 ## - LANGUAGE CODE
Language code of text/sound track or separate title eng
080 ## - UNIVERSAL DECIMAL CLASSIFICATION NUMBER
Universal Decimal Classification number 658.15 BRE
082 00 - DEWEY DECIMAL CLASSIFICATION NUMBER
Classification number 658.15 BRE
Edition number 19
100 1# - Rafti
Rafti 56
101 ## - Shkurtesa
Shkurtesa FIN
245 10 - TITLE STATEMENT
Title Principles of corporate finance /
Statement of responsibility, etc Richard Brealey, Stewart Myers.
504 ## - BIBLIOGRAPHY, ETC. NOTE
Bibliography, etc Includes bibliographies and index.
906 ## - LOCAL DATA ELEMENT F, LDF (RLIN)
a 7
b cbc
c orignew
d 1
e ocip
f 19
g y-gencatlg
942 ## - ADDED ENTRY ELEMENTS (KOHA)
Source of classification or shelving scheme
Item type Books
Holdings
Withdrawn status Lost status Source of classification or shelving scheme Damaged status Not for loan Collection code Permanent location Current location Shelving location Date acquired Total Checkouts Full call number Barcode Date last seen Price effective from Koha item type
          Koleksioni i përgjithshem UBT - Lipjan UBT - Lipjan Koleksioni i përgjithshem 02/01/2018   658.15 BRE 002-2997701 02/01/2018 02/01/2018 Books
UBT Library © 2015-2024. All rights reserved University Education for Business and Technology